Daňový vplyv na nájomcu pri porušení podmienok finančného prenájmu

Saved in:
Bibliographic Details
Main Author: Marušin, Ján
Other Authors: Marušinová, Klára
Format: Book Chapter
Language:Slovak
Tags: Add Tag
No Tags, Be the first to tag this record!

MARC

LEADER 00000naa$a2200000$$$4500
001 0061162
005 20240502071701.8
041 0 |a slo 
044 |a SK 
245 1 0 |a Daňový vplyv na nájomcu pri porušení podmienok finančného prenájmu  |c Ján Marušin, Klára Marušinová 
100 1 |a Marušin, Ján 
700 1 |a Marušinová, Klára